ARRUPE JESUIT UNIVERSITY

CORONAVIRUS -STOP THE SPREAD - CLEAN,DISINFECT,COVER

Zimbabwe's land reform (Record no. 3999)

MARC details
000 -LEADER
fixed length control field 00587nam a2200181Ia 4500
003 - CONTROL NUMBER IDENTIFIER
control field 0100
008 - FIXED-LENGTH DATA ELEMENTS--GENERAL INFORMATION
fixed length control field 130227s9999 xx 000 0 und d
020 ## - INTERNATIONAL STANDARD BOOK NUMBER
International Standard Book Number 9781779221100
040 ## - CATALOGING SOURCE
Transcribing agency ARRUPELIB
050 ## - LIBRARY OF CONGRESS CALL NUMBER
Classification number HD1333.Z55
Item number Z71 2010
100 ## - MAIN ENTRY--PERSONAL NAME
Personal name Scoones, Ian et al.
9 (RLIN) 24492
245 ## - TITLE STATEMENT
Title Zimbabwe's land reform
Remainder of title myths & realities
Statement of responsibility, etc Ian Scoones, et al...
260 ## - PUBLICATION, DISTRIBUTION, ETC. (IMPRINT)
Place of publication, distribution, etc Harare: Woodbridge
Name of publisher, distributor, etc Weaver Press; James Currey
Date of publication, distribution, etc 2010
300 ## - PHYSICAL DESCRIPTION
Extent xv, 288p. ;
Dimensions 22cm .
440 ## - SERIES STATEMENT/ADDED ENTRY--TITLE
Title African issues
9 (RLIN) 30308
650 ## - SUBJECT ADDED ENTRY--TOPICAL TERM
Topical term following geographic name as entry element Land reform
General subdivision History
Chronological subdivision 21st century
Geographic subdivision Zimbabwe
9 (RLIN) 48453
942 ## - ADDED ENTRY ELEMENTS (KOHA)
Source of classification or shelving scheme Library of Congress Classification
Koha issues (borrowed), all copies 2
Item type Monograph ( Printed materials)
Holdings
Withdrawn status Lost status Source of classification or shelving scheme Damaged status Not for loan Collection code Home library Current library Shelving location Date acquired Total Checkouts Full call number Barcode Date last seen Date last borrowed Copy number Price effective from Koha item type
    Library of Congress Classification     Main Collection ARRUPE LIBRARY ARRUPE LIBRARY Main Collection 27/02/2013 7 HD1333.Z55 Z71 2010 46405163 23/11/2022 09/11/2022 1 27/02/2013 Monograph ( Printed materials)
    Library of Congress Classification     Main Collection ARRUPE LIBRARY ARRUPE LIBRARY Main Collection 17/10/2019 2 HD1333.Z55 Z71 2010 46600005592 21/11/2024 07/11/2024   17/10/2019 Monograph ( Printed materials)

 

Arrupe Library. PO Box MP320 Mt Pleasant, Harare, Zimbabwe
263 242 745411|librarian@aju.ac.zw